000 00356nam a22001457a 4500
082 _a621.6
_bKSB
_cD
100 _aKSB
_910252
245 _aPumps
_cKSB
250 _a2nd ed.
260 _aGermany
_bKlein, Schanzlin & Becker
_c1968
300 _a183 p.
_bill.
_c22 cm.
526 _a0
_b0
_c0
_d621_600000000000000_KSB
650 _aD
_96527
942 _2ddc
_cBK
999 _c545923
_d545923